000 01017nam a2200277Ia 4500
001 Para_10046
003 CHAP
008 220125sNovi xx 000 0 und d
010 _a208732
040 _cCHAP
090 _aPA CD - TESIS 127
100 _aRamírez Cruz, Susana
_993948
245 _aIdentificación del patógeno causante de la marchitez en el follaje del cocquillo (Cyperus esculentusL.) en Chapingo, México /
_c Susana Ramírez Cruz; Director Luis Othón Espinoza Carrillo
260 _aChapingo, Méx. :
_b el autor
300 _a1 CDS ROM (42 p.)
502 _aTesis (Ing. Agr. Esp. en Parasitología Agrícola). UACh. Departamento Parasitología Agrícola
700 _aEspinoza Carrillo, Luis Othón. Director
_9175120
710 _aUACh. Departamento Parasitología Agrícola
_9164025
901 _aPA CD - TESIS 127
902 _aM
905 _a513220Noviembre, 2011 abn 8100000000 06
910 _aNovi
942 _cPARA
942 _cPARA
_d2
999 _c208732
_d208732